SIA Puzzle Hunt: Two Heads Are Better Than One Quiz Stats

 Plays Quiz Updated Sep 17, 2015

Score 0/26 Timer 20:00
2 Plays Today
% Correct
Actress MacDowell???
80.8%
Designer Saint Laurent???
78.4%
A title for Siths???
73.8%
A handled farm blade???
73.1%
Atlanta WNBA team???
72.9%
France : Germany :: Nuit : ___???
71.8%
A type of golf club???
70.2%
AT&T offering???
67.4%
Mork's boss???
66.7%
Small???
65.6%
Liam Neeson movie???
63.2%
Another term for the Emerald Isle???
60.3%
Common roofing material???
60.1%
% Correct
Out loud???
58.4%
A perfect cube???
56.6%
Very angry???
56.3%
A newbie???
55.9%
This or that???
54.5%
Product of milling wheat???
53.7%
An Egyptian god???
53.7%
A large Swiss city???
52.2%
An array of dots on a CRT???
51.7%
Mean or tawdry???
50.6%
A big party with a keg???
45.7%
Suds???
45%
Supporting tissue in the nervous system???
38.1%

You're not logged in!

Compare scores with friends on all Sporcle quizzes.
OR
Log In

You Might Also Like...

Show Comments

Extras

Top Quizzes Today


Score Distribution

Your Account Isn't Verified!

In order to create a playlist on Sporcle, you need to verify the email address you used during registration. Go to your Sporcle Settings to finish the process.

Report this User

Report this user for behavior that violates our Community Guidelines.

Details: